Statistics for Birds

Click here to take the quiz!

General Stats

  • This quiz has been taken 21 times
    (13 since last reset)
  • The average score is 46 of 80

Answer Stats

Answer% Correct
Bald eagle
100%
Barn owl
100%
Crow
100%
Albatross
83%
Seagull
83%
Flamingo
75%
Heron
75%
Kingfisher
75%
Ostrich
75%
Peacock
75%
Pelican
75%
Pheasant
75%
Puffin
75%
Raven
75%
Swan
75%
Toucan
75%
Turkey
75%
Blue tit
67%
Canary
67%
Cardinal
67%
Dove
67%
Emu
67%
Hummingbird
67%
Ibis
67%
Magpie
67%
Pigeon
67%
Quail
67%
Robin
67%
Starling
67%
Wren
67%
Black bird
58%
Budgerigar
58%
Chicken
58%
Cockatoo
58%
Crane
58%
Golden eagle
58%
Great tit
58%
Hen
58%
Little owl
58%
Nut hatch
58%
Stork
58%
Swallow
58%
Bullfinch
50%
Canadian geese
50%
Chaffinch
50%
Egret
50%
Emperor penguin
50%
Great spotted woodpecker
50%
Green finch
50%
Green woodpecker
50%
Jackdaw
50%
Jay
50%
Kestrel
50%
Long tailed tit
50%
Mallard Duck
50%
Peregrine falcon
50%
Song thrush
50%
Swift
50%
Turtle dove
50%
Buzzard
42%
Coal tit
42%
Cormorant
42%
Cuckoo
42%
Gold finch
42%
Grouse
42%
Guineafowl
42%
House sparrow
42%
Partridge
42%
Red kite
42%
Scarlet macaw
42%
Siskin
42%
Tawny owl
42%
Thrush
42%
Wagtail
42%
Blue macaw
33%
Egyptian geese
33%
Kiwi
33%
Dunnock
25%
Goshawk
25%
Sparrowhawk
25%

Score Distribution

Percentile by Number Answered

Percent of People with Each Score

Your Score History

You have not taken this quiz since the last reset